Del Aguanaval a Sierra Mojada / Juana Gabriela Román Jáquez

Сохранить в:
Библиографические подробности
Главный автор: Román Jáquez, Juana Gabriela (autor)
Формат:
Предметы:
Метки: Добавить метку
Нет меток, Требуется 1-ая метка записи!

MARC

LEADER 00000nam^a2200000^u^4500
001 000553445
005 20250521000000.0
008 060220s1000^^^^^^^^^^^^r^^^^^000^0^spa^d
009 20260310131637.959
022 |a 9687642092 
035 |a FMI 000023238 
037 |a Acervo Xavier Clavigero 
096 |a 3.5/101/B 
100 |a Román Jáquez, Juana Gabriela  |e (autor) 
245 1 0 |a Del Aguanaval a Sierra Mojada / Juana Gabriela Román Jáquez 
264 |a Saltillo, Coah. : Centro de Estudios Sociales y Humanísticos, 2001 
300 |a 124 p. 
336 |a texto  |b txt  |2 rdacontenido 
337 |a sin mediación  |b n  |2 rdamedio 
338 |a volumen  |b nc  |2 rdasoporte 
597 |a "El conflicto de límites entre Durango y Coahuila, 1845-1900" 
649 |a XX 
650 |a Historia de México 
910 |a Fondo Francisco Migoya Covarrubias S.J. 
920 |a Impresos - Libros 
930 |a Fondos Especiales 
905 |a 134 
901 |a SBC30676  |b IT2  |c ESP  |u 20250521 
902 |a https://opac.biblio.iteso.mx/vufind/Record/000553445